| Record ID | ia:b32846198 |
| Source | Internet Archive |
| Download MARC XML | https://archive.org/download/b32846198/b32846198_marc.xml |
| Download MARC binary | https://www.archive.org/download/b32846198/b32846198_meta.mrc |
LEADER: 01056 am 2200301 a 4500
007 cr
008 720914s1927 nyu s 000 | eng
010 $a27005887
040 $dUtOrBLW
041 1 $aeng$afre
059 $a150464
091 $aK37388
100 1 $aFischer, Jacques.
245 10 $aLove and morality :$ban attempt at a physiological interpretation of human thought /$cby Jacques Fischer, translated from the French by Catherine Alison Phillips.
260 $aNew York :$bA.A. Knopf,$c1927.
300 $ax, 291 pages ;$c21 cm.
336 $atext$btxt$2rdacontent.
337 $acomputer$bc$2rdamedia.
338 $aonline resource$bcr$2rdacarrier.
650 0 $aSexual ethics.$0sh 85120731.
650 2 $aLove.$0D008149.
650 2 $aSex.$0D012723.
655 0 $aElectronic books.
700 1 $aPhillips, Catherine Alison,$d1884-$0no 95038129.
776 1 $iPrint version:$tLove and morality$w(OCoLC)00406531$w(UkLW)b12813990.
907 $a.b32846198
907 $a.b32846198
998 $adigi$b16-06-21$cm$dv $e-$feng$gnyu$h0$i0